000
00350nam a22001577a 4500
003
MPLRDC
005
20220104114232.0
008
210129b ||||| |||| 00| 0 eng d
082
_a
782.8516 YF
100
_a
芝青
245
_a
岳飞
_c
260
_a
_b
南洋商报
_c
1953
300
_b
平
650
_a
岳飞传记
942
_c
BK
_o
782.8516 YF
999
_c
5898
_d
5888